Taveira sports architecture (Record no. 353584)

000 -LEADER
fixed length control field 00927nam a22002417a 4500
003 - CONTROL NUMBER IDENTIFIER
control field OSt
005 - DATE AND TIME OF LATEST TRANSACTION
control field 20260129104910.0
008 - FIXED-LENGTH DATA ELEMENTS--GENERAL INFORMATION
fixed length control field 121206t2004 xxu||||| |||| 00| 0 eng d
020 ## - INTERNATIONAL STANDARD BOOK NUMBER
International Standard Book Number 9781902889115
020 ## - INTERNATIONAL STANDARD BOOK NUMBER
International Standard Book Number 1902889118
040 ## - CATALOGING SOURCE
Transcribing agency 0
082 ## - DEWEY DECIMAL CLASSIFICATION NUMBER
Classification number 720.922
245 10 - TITLE STATEMENT
Title Taveira sports architecture
Statement of responsibility, etc. introduction by Mel Gooding .Essay by Edwin Heathcote & Maggie Toy.
260 ## - PUBLICATION, DISTRIBUTION, ETC.
Place of publication, distribution, etc. London :
Name of publisher, distributor, etc. Artmedia,
Date of publication, distribution, etc. 2004.
300 ## - PHYSICAL DESCRIPTION
Extent 144 p. :
Other physical details ill. (chiefly col.) ;
Dimensions 30 cm.
520 ## - SUMMARY, ETC.
Summary, etc. This title contains 11 projects of the architect's work in the sphere of sport. A number of the stadia have been built especially for the European Football Championships in 2004.
650 ## - SUBJECT ADDED ENTRY--TOPICAL TERM
Topical term or geographic name entry element Sports facilities
Geographic subdivision Portugal
9 (RLIN) 132963
700 1# - ADDED ENTRY--PERSONAL NAME
Personal name Toy, Maggie.
9 (RLIN) 132964
700 1# - ADDED ENTRY--PERSONAL NAME
Personal name Gooding, Mel.
9 (RLIN) 132965
700 1# - ADDED ENTRY--PERSONAL NAME
Personal name Taveira, Tomás .
9 (RLIN) 132966
942 ## - ADDED ENTRY ELEMENTS (KOHA)
Source of classification or shelving scheme
Koha item type Book
Holdings
Withdrawn status Lost status Source of classification or shelving scheme Damaged status Not for loan Permanent Location Current Location Date acquired Full call number Barcode Date last seen Cost, replacement price Price effective from Koha item type
          School of Art Design and Architecture (SADA) School of Art Design and Architecture (SADA) 11/20/2012 720.922 TAV 2004 SADA0001902 02/13/2015 2951.00 12/06/2012 Book
© 2023 Central Library, National University of Sciences and Technology. All Rights Reserved.